000 00917nam a2200241 a 4500
040 _cDLC
082 0 0 _a375 ACO 1983 A072 Or.
245 0 0 _aACO basic training course in systematic curriculum development /
260 _aNairobi, Kenya :
_bACO/GTZ Course Team,
_c1983-
300 _av. <1-3 > ;
_c30 cm.
500 _a"Organised and run on behalf of ACO by Kenya Institute of Education (KIE), the University of Nairobi, and the German Agency for Technical Co-operation (GTZ)"--Cover.
650 0 _aCurriculum planning
650 0 _aCurriculum evaluation
650 0 _aAudio-visual materials
700 1 _aDioh, Sylvester N.
700 1 _aQuansah, Kofi B.
700 1 _aSachsenmeier, Peter.
710 2 _aAfrican Curriculum Organization.
710 2 _aKenya Institute of Education.
710 2 _aUniversity of Nairobi.
710 2 _aDeutsche Gesellschaft für Technische Zusammenarbeit.
942 _cEK
999 _c14982
_d14982